000 00360 a2200169 4500
001 186576
020 _a85-85763-22-1
040 _cMagnum
100 _aLasalvia, Solange
240 1 0 _aO rapto de sapenilda
_lpor
245 1 0 _aO rapto de sapenilda
300 _a20
362 0 _a1996
440 1 _aBagaço
697 _aLITERATURA INFANTO
942 _cBK
999 _c186576
_d186576